Online Public Access Catalog -OPAC

\a The Development Human: (Record no. 87394)

MARC details
000 -LEADER
fixed length control field nam a22 4500
005 - DATE AND TIME OF LATEST TRANSACTION
control field 20230726123604.0
008 - FIXED-LENGTH DATA ELEMENTS--GENERAL INFORMATION
fixed length control field 230726b xxu||||| |||| 00| 0 eng d0
020 ## - INTERNATIONAL STANDARD BOOK NUMBER
International Standard Book Number \a 9780323611558
040 ## - CATALOGING SOURCE
Original cataloging agency \a NG-ZaABU
Transcribing agency \c NG-ZaABU
Modifying agency /d NG-ZaABU
050 ## - LIBRARY OF CONGRESS CALL NUMBER
Classification number \a QM 601.M76 Moo
Item number \b 513207
100 ## - MAIN ENTRY--PERSONAL NAME
9 (RLIN) 7201
Personal name a Moore, Keith L.
245 ## - TITLE STATEMENT
Title \a The Development Human:
Remainder of title \b Clinically Oriented Embryology
Statement of responsibility, etc. \c by Keith L. Moore, T.V.N. Persaud and Mark G. Torchia
Medium \h [Text]
250 ## - EDITION STATEMENT
Edition statement \a 11th-ed.
Remainder of edition statement //
260 ## - PUBLICATION, DISTRIBUTION, ETC.
Place of publication, distribution, etc. \a Edinburgh:
Name of publisher, distributor, etc. \b Elsevier Publications,
Date of publication, distribution, etc. \c 2020.
300 ## - PHYSICAL DESCRIPTION
Extent \a xii,503p.:
Other physical details \b ill.
500 ## - GENERAL NOTE
General note \a Includes index
852 ## - LOCATION
Location \a K.I.L.
Shelving location \c Reserve Book Unit
Piece designation \p 513207
942 ## - ADDED ENTRY ELEMENTS (KOHA)
Source of classification or shelving scheme Library of Congress Classification
Koha item type Books
Edition \e 11th-ed.
Classification part \h 601.M76
Call number prefix \k QM
Call number suffix \m Moo
Holdings
Withdrawn status Lost status Source of classification or shelving scheme Damaged status Not for loan Home library Current library Shelving location Date acquired Total Checkouts Full call number Barcode Date last seen Copy number Price effective from Koha item type
    Library of Congress Classification     Kashim Ibrahim Library Kashim Ibrahim Library Reserve 07/26/2023   \o QM 601.M76 Moo \p 30005103021658 07/26/2023 \t 513207 07/26/2023 Books

Customized by ICT Technical Service Unit on 29th Dec 2022

Kashim Ibrahim Library